Datum a čas kvízu
40
Celkem bodů
Celkový počet nahraných bodů na tomto kvízu bez doplňovacích otázek.
2.
Pořadí na kvízu
Konečné umístění týmu na tomto kvízu.
Zaznamenané odpovědi
| # | Otázka | Odpověď | Body | Výsledky |
|---|---|---|---|---|
| 1. | Jak se nazývá americká společn... | Westinghouse | 1 | |
| 2. | Na poslední chvíli se přihlási... | Igor Matovič | 1 | |
| 3. | Která poměrně mladá zpěvačka z... | Billie Eilish | 1 | |
| 4. | V pondělí byl slavnostně otevř... | v Otrokovicích | 1 | |
| 5. | V sobotním volejbalovém utkání... | Liberec | 1 | |
| 6. | Ve třetím díle cestovatelského... | z Janských Lázní | 1 | |
| 7. | Stále větší oblibě cestovatelů... | portugalština | 1 | |
| 8. | Kdepak Paříž. Ve kterém městě... | v Las Vegas | 1 | |
| 9. | S písmenem M se vracíme do Čes... | v Moravském Krumlově | 0 | |
| 10. | Ve kterém století byl vybudová... | v 19. století | 1 |